01852nam a2200289 a 4500008004100000020001500041050002100056100002400077245005800101260002500159300001600184350000900200650002400209650003700233650001200270650003300282700002200315995016700337995016800504995016700672995016800839999001701007952013001024952013901154952013001293952013901423070427s1998 ||||||||||||||||| || u a0304706868 aTX 911.3.M27 Wag aWagen, Lynn Van Der10aSupervision and leadership in tourism and hospitality aLondnbCassellc1998 a188p. :ill. a0.00 aTOURISM--MANAGEMENT aHOSPITALITY INDUSTRY--MANAGEMENT aTOURISM aLeisure industry--Management aDavies, Christine aANNEX COLLECTION (Main Library)D0.00e737680FCBU-MAIN LIBRARY (Kitwe)H1I0.00jTX 911.3.M27 WagM4UAVAILABLEWApr 27, 2007y54905ZAnnex Low-Usage Collection  aMAIN LIBRARY OPEN ACCESSD0.00e737681FCBU-MAIN LIBRARY (Kitwe)H1I0.00jTX 911.3.M27 WagM2UAVAILABLEWApr 27, 2007y54903ZMain Library Open Access Collection aANNEX COLLECTION (Main Library)D0.00e737682FCBU-MAIN LIBRARY (Kitwe)H1I0.00jTX 911.3.M27 WagM3UAVAILABLEWApr 27, 2007y54904ZAnnex Low-Usage Collection  aMAIN LIBRARY OPEN ACCESSD0.00e737679FCBU-MAIN LIBRARY (Kitwe)H1I0.00jTX 911.3.M27 WagM1UAVAILABLEWApr 27, 2007y54902ZMain Library Open Access Collection c80826d80826 00102lcc4070a001b001cAnnex Low-Usage Collectiond2023-07-11l0oTX 911.3.M27 Wagp54905r2023-07-11t1w2023-07-11y002 00102lcc4070a001b001cMain Library Open Access Collectiond2023-07-11l0oTX 911.3.M27 Wagp54903r2023-07-11t2w2023-07-11y002 00102lcc4070a001b001cAnnex Low-Usage Collectiond2023-07-11l0oTX 911.3.M27 Wagp54904r2023-07-11t3w2023-07-11y002 00102lcc4070a001b001cMain Library Open Access Collectiond2023-07-11l0oTX 911.3.M27 Wagp54902r2023-07-11t4w2023-07-11y002